000 00535nam a2200121Ia 4500
008 220620s9999||||xx |||||||||||||| ||und||
100 _aGill, Lesley
245 2 _aA Century of Violence in a Red City
_bPopular Struggle, Counterinsurgency, and Human Rights in Colombia
546 _aEnglish[eng]
650 _aHistory||Latin America||South America||Social Science||Sociology||Urban||Social Science||Anthropology||Cultural & Social
856 _uhttps://library.oapen.org/bitstream/20.500.12657/48500/1/external_content.pdf
942 _cEB
999 _c29803
_d29803